000
00211 a2200097 4500
001
7943
100
_a
Nayler, J L
245
_a
Dictionary of Aeronautical engineering
260
_a
_b
Ne
_c
090
_c
6369
_d
6369
942
_a
NUST-CAE
_c
M
_c
32899
999
_c
243016
_d
243016